Les romains et la mer
Uloženo v:
| Hlavní autor: | |
|---|---|
| Médium: | Kniha |
| Jazyk: | francouzština |
| Vydáno: |
París
Les Belles Lettres
2012
|
| Vydání: | 1a. ed |
| Edice: | Realia
|
| Témata: | |
| Tagy: |
Přidat tag
Žádné tagy, Buďte první, kdo vytvoří štítek k tomuto záznamu!
|
MARC
| LEADER | 00000cam a2200000 a 4500 | ||
|---|---|---|---|
| 001 | UCE7555 | ||
| 003 | CL-VaPUC | ||
| 008 | 150626e20120000fr |||||||||||||||||fre|d | ||
| 020 | |a 9782251338385 | ||
| 082 | 0 | 4 | |a 937.06 |b MAL |2 21 |
| 100 | |a Malissard, Alain |e autor |9 580210 | ||
| 245 | 1 | 4 | |a Les romains et la mer |
| 250 | |a 1a. ed | ||
| 300 | |a 348 p | ||
| 942 | |c BK | ||
| 945 | |d 20150626 15:30:00 |a dcastane | ||
| 260 | |a París |b Les Belles Lettres |c 2012 | ||
| 650 | 0 | |a Historia de Roma |9 315349 | |
| 650 | 0 | |a Historia naval |9 268284 | |
| 650 | 0 | |a Comercio exterior |9 257617 | |
| 650 | 0 | |a Imperio Romano |9 322785 | |
| 583 | |a last modification |c 20150626 15:30:00 |k Rodrigo Vera | ||
| 490 | 0 | |a Realia | |
| 999 | |c 359612 |d 359610 | ||
| 952 | |0 0 |1 0 |3 erb |4 0 |6 937_060000000000000_MAL_2012 |7 0 |8 A |9 468882 |a BIBHIS |b BIBHIS |i 5165989 |o 937.06 MAL 2012 |p 5165989 |r 2023-01-25 |w 2019-11-23 |y BK |z Catalogado en:20150626 |k HIS | ||